000 01130nam a22003257a 4500
003 CHAP
005 20220329141623.0
008 971013s1984 r 00010 d
010 _a71161
011 _a72133
035 _a81687
040 _cCHAP
090 _aTesis
100 0 0 _aGalicia Zepeda, Víctor David.
_944270
245 _aControl de roedores con brodifacouma en una caseta de gallina en jaulada productora de huevo para consumo humano
260 _aMéxico, D.F. :
_bEl autor,
_c1984
300 _a77 h.
_b: gráfs.
502 _aTesis (Médico Veterinario Zootecnista) -- UNAM. Facultad de Medicina Veterinaria y Zootecnista
590 _aALEPH
_b10
_c20130110
_lUCH01
_h1411
590 _aBATCH-UPD
_b10
_c20130110
_lUCH01
_h0137
590 _aBATCH-UPD
_b10
_c20130110
_lUCH01
_h1759
590 _aBATCH-UPD
_b10
_c20130409
_lUCH01
_h2135
590 _aBATCH-UPD
_b10
_c20130914
_lUCH01
_h0449
590 _aCONVERSION
_b10
_c20130109
_lUCH01
_h1339
650 1 4 _aAves de corral.
_98636
650 1 4 _aRatas
_xExterminio.
_994731
901 _aBK
942 _cTESIS
949 _bBC
_cTES
_d-35253
_eTS1
_h17416
_i81687
_si
999 _c71161
_d71161